<?xml version="1.0" encoding="UTF-8"?>
<record
    xmlns:xsi="http://www.w3.org/2001/XMLSchema-instance"
    xsi:schemaLocation="http://www.loc.gov/MARC21/slim http://www.loc.gov/standards/marcxml/schema/MARC21slim.xsd"
    xmlns="http://www.loc.gov/MARC21/slim">

  <leader>01649nam a2200265 i 4500</leader>
  <controlfield tag="003">DO-SdBNP</controlfield>
  <controlfield tag="005">20230420123012.0</controlfield>
  <controlfield tag="006">a|||||r|||| 00| 0 </controlfield>
  <controlfield tag="007">ta</controlfield>
  <controlfield tag="008">230413e2007    dr ||||fr|||| 001 udspa d</controlfield>
  <datafield tag="040" ind1=" " ind2=" ">
    <subfield code="a">DO-SdBNP</subfield>
    <subfield code="b">spa</subfield>
    <subfield code="c">BNPHU</subfield>
    <subfield code="e">rda</subfield>
  </datafield>
  <datafield tag="082" ind1=" " ind2="4">
    <subfield code="2">22</subfield>
    <subfield code="b">T233n</subfield>
  </datafield>
  <datafield tag="100" ind1="1" ind2=" ">
    <subfield code="9">31093</subfield>
    <subfield code="a">Taveras, Waldys</subfield>
  </datafield>
  <datafield tag="240" ind1=" " ind2=" ">
    <subfield code="a">Leyes</subfield>
  </datafield>
  <datafield tag="245" ind1="1" ind2="0">
    <subfield code="a">Nuevo marco legal municipal:</subfield>
    <subfield code="b">anotaciones y comentarios /</subfield>
    <subfield code="c">Waldys Taveras; dise&#xF1;o, diagramaci&#xF3;n y conceptualizaci&#xF3;n Allan Garc&#xED;a, Waldys Taveras</subfield>
  </datafield>
  <datafield tag="246" ind1="1" ind2="4">
    <subfield code="a">Nuevo marco legal municipal:</subfield>
    <subfield code="b">anotaciones y comentarios. Ley 176/07 del Distrito Nacional y los Municipios. Ley 13/07 de los contenciosos tributarios y administrativo. Ley 567/05 sobre la Tesorer&#xED;a Nacional</subfield>
  </datafield>
  <datafield tag="264" ind1="1" ind2="1">
    <subfield code="a">Santo Domingo :</subfield>
    <subfield code="b">Sin editorial, </subfield>
    <subfield code="c">2007</subfield>
  </datafield>
  <datafield tag="300" ind1=" " ind2=" ">
    <subfield code="a">263 p&#xE1;ginas ;</subfield>
    <subfield code="c">22 cm</subfield>
  </datafield>
  <datafield tag="336" ind1=" " ind2=" ">
    <subfield code="2">rdaconten</subfield>
    <subfield code="a">texto</subfield>
    <subfield code="b">txt</subfield>
  </datafield>
  <datafield tag="337" ind1=" " ind2=" ">
    <subfield code="2">rdamedia</subfield>
    <subfield code="a">sin medici&#xF3;n</subfield>
    <subfield code="b">n</subfield>
  </datafield>
  <datafield tag="338" ind1=" " ind2=" ">
    <subfield code="2">rdacarrier</subfield>
    <subfield code="a">volumen</subfield>
    <subfield code="b">nc</subfield>
  </datafield>
  <datafield tag="505" ind1=" " ind2=" ">
    <subfield code="a">Dedicatoria.</subfield>
    <subfield code="t">Agradecimiento.--</subfield>
    <subfield code="t">A modo de comentarios.--</subfield>
    <subfield code="t">Introducci&#xF3;n.--</subfield>
    <subfield code="g">Cap&#xED;tulo I</subfield>
    <subfield code="t">La Entidades Municipales.--</subfield>
    <subfield code="g">Cap&#xED;tulo II.</subfield>
    <subfield code="t">Construcci&#xF3;n y competencias de los Ayuntamientos.--</subfield>
    <subfield code="g">Cap&#xED;tulo III.</subfield>
    <subfield code="t">El Concejo Municipal.--</subfield>
    <subfield code="g">Cap&#xED;tulo IV.</subfield>
    <subfield code="t">La Administraci&#xF3;n Municipal.--</subfield>
    <subfield code="g">Cap&#xED;tulo V.</subfield>
    <subfield code="t">El R&#xE9;gimen Econ&#xF3;mico Municipal.--</subfield>
    <subfield code="g">Cap&#xED;tulo VI.</subfield>
    <subfield code="t">La Participaci&#xF3;n ciudadana en La Gesti&#xF3;n Municipal.-</subfield>
    <subfield code="t">Una reflexi&#xF3;n Final. La Nueva Ley 176-07. &#xBF;Reforma o contrareforma?</subfield>
    <subfield code="t">Ley 176-07 Del Distrito Nacional y los Municipios.--</subfield>
    <subfield code="t">Ley 13-07 Del del Distrito Nacional y los Municipios.--</subfield>
    <subfield code="t">Ley 567-05 Del Distrito Nacional y los Municipios.</subfield>
  </datafield>
  <datafield tag="590" ind1=" " ind2=" ">
    <subfield code="a">Inventariado 2023 / MF</subfield>
  </datafield>
  <datafield tag="942" ind1=" " ind2=" ">
    <subfield code="2">ddc</subfield>
    <subfield code="c">LBS1</subfield>
  </datafield>
  <datafield tag="952" ind1=" " ind2=" ">
    <subfield code="0">0</subfield>
    <subfield code="1">0</subfield>
    <subfield code="2">ddc</subfield>
    <subfield code="5">1</subfield>
    <subfield code="7">0</subfield>
    <subfield code="8">PD</subfield>
    <subfield code="a">BNPHU</subfield>
    <subfield code="b">BNPHU</subfield>
    <subfield code="c">CT</subfield>
    <subfield code="d">2022-04-16</subfield>
    <subfield code="e">Donado por Carlo F. Otero</subfield>
    <subfield code="l">0</subfield>
    <subfield code="o">T233n</subfield>
    <subfield code="p">2023-1352</subfield>
    <subfield code="r">2023-04-13</subfield>
    <subfield code="w">2023-04-13</subfield>
    <subfield code="y">LBS1</subfield>
  </datafield>
  <datafield tag="999" ind1=" " ind2=" ">
    <subfield code="c">53231</subfield>
    <subfield code="d">53231</subfield>
  </datafield>
</record>
